مقالات منظر / (Record no. 20798)
[ view plain ]
| 000 -LEADER | |
|---|---|
| fixed length control field | 01057nam a22002417a 4500 |
| 005 - DATE AND TIME OF LATEST TRANSACTION | |
| control field | 2010081005405.0 |
| 008 - FIXED-LENGTH DATA ELEMENTS--GENERAL INFORMATION | |
| fixed length control field | 090109t xxu||||| |||| 00| 0 urdd |
| 010 ## - LCCN (DPL NO) | |
| LC control number | B-283831, UR-7651 |
| 020 ## - INTERNATIONAL STANDARD BOOK NUMBER | |
| International Standard Book Number | 818182233429 |
| Terms of availability | 150.00 |
| 035 ## - SYSTEM CONTROL NUMBER | |
| System control number | U-6206 |
| 040 ## - CATALOGING SOURCE | |
| Original cataloging agency | dpl |
| Language of cataloging | urd |
| 082 ## - DEWEY DECIMAL CLASSIFICATION NUMBER | |
| Classification number | 844 |
| 245 ## - TITLE STATEMENT | |
| Title | مقالات منظر / |
| Statement of responsibility, etc | افسرکاظمی، مرتبہ |
| 246 ## - VARYING FORM OF TITLE | |
| Title proper/short title | Maqalat-e-Manzer / |
| Remainder of title | edited by Afsar Kazmi |
| 260 ## - PUBLICATION, DISTRIBUTION, ETC. (IMPRINT) | |
| Place of publication, distribution, etc | دہلی |
| Name of publisher, distributor, etc | ايجوکيشنل پبليشنگ ہاوس |
| Date of publication, distribution, etc | 2008 |
| 270 ## - ADDRESS | |
| Address | 3108, Vakil Street, Kucha Pandit, Lal Kuan |
| City | Delhi |
| Postal code | 110006 |
| Telephone number | 23216162, 23214465 |
| Electronic mail address | info@ephbooks.com |
| 300 ## - PHYSICAL DESCRIPTION | |
| Extent | 128 ص |
| Dimensions | 22 س م (Hb) |
| 650 ## - SUBJECT ADDED ENTRY--TOPICAL TERM | |
| Source of heading or term | essays |
| 700 ## - ADDED ENTRY--PERSONAL NAME | |
| Personal name | افسرکاظمی |
| 9 (RLIN) | 10040 |
| 942 ## - ADDED ENTRY ELEMENTS (KOHA) | |
| Source of classification or shelving scheme | Dewey Decimal Classification |
| Item type | Urdu Bks |
| Classification part | 844 |
| Call number suffix | ا ف س |
| Withdrawn status | Lost status | Source of classification or shelving scheme | Damaged status | Not for loan | Collection code | Home library | Current library | Date acquired | Cost, normal purchase price | Total Checkouts | Full call number | Barcode | Date last seen | Copy number | Cost, replacement price | Koha item type | Source of acquisition |
|---|---|---|---|---|---|---|---|---|---|---|---|---|---|---|---|---|---|
| Dewey Decimal Classification | Non-fiction | Central Library | Central Library | 09/01/2009 | 150.00 | 844 ا ف س | B-283831 | 09/01/2009 | 1 | 150.00 | Urdu Bks | ||||||
| Dewey Decimal Classification | Not For Loan | Non-fiction | D.B.Act.Division | D.B.Act.Division | 10/08/2010 | 150.00 | 844 ا ف س | U-6206 | 10/08/2010 | 1 | 150.00 | Urdu Bks | DBAD/PUB |
